| 000 | 00681nam a22002057a 4500 | ||
|---|---|---|---|
| 003 | 0 | ||
| 005 | 20240117103102.0 | ||
| 008 | 240117b xxu||||| |||| 00| 0 eng d | ||
| 020 | _a978-1-119-82086-4 | ||
| 050 |
_aQA 76 _b.X53 2022 |
||
| 100 | _aXiao, Perry | ||
| 245 |
_aArificial intelligence programming with python from zero to zero _c Perry Xiao |
||
| 260 |
_aHoboken, New Jersey _bJohn Wiley & Sons, Inc. _cc2022. |
||
| 300 |
_axxix, 681 pages ; _c24 cm. |
||
| 504 | _aIncludes bibliographical references, index, and glossary. | ||
| 650 | _aComputer science. | ||
| 650 | _aElectronic digital computers. | ||
| 650 | _aElectronic data processing. | ||
| 942 |
_2lcc _cBK |
||
| 999 |
_c365866 _d365866 |
||